De Gaulle (Record no. 4146)

000 -LEADER
fixed length control field nam a22 a 4500
005 - DATE AND TIME OF LATEST TRANSACTION
control field 20170525120837.0
008 - FIXED-LENGTH DATA ELEMENTS--GENERAL INFORMATION
fixed length control field 170525s1989 enkac || 001 ||eng d
020 ## - INTERNATIONAL STANDARD BOOK NUMBER
International Standard Book Number 03932699X
040 ## - CATALOGING SOURCE
Original cataloging agency AKMAL
082 ## - DEWEY DECIMAL CLASSIFICATION NUMBER
Classification number 944.0838 LAC
090 ## - LOCALLY ASSIGNED LC-TYPE CALL NUMBER (OCLC); LOCAL CALL NUMBER (RLIN)
Classification number (OCLC) (R) ; Classification number, CALL (RLIN) (NR) 944.0838
Local cutter number (OCLC) ; Book number/undivided call number, CALL (RLIN) LAC
100 ## - MAIN ENTRY--PERSONAL NAME
Personal name Lacouture, Jean
9 (RLIN) 8139
245 ## - TITLE STATEMENT
Title De Gaulle
Statement of responsibility, etc. Jean Lacouture ; translated by Patrick O'Brian. [Vol.1], The rebel.
260 ## - PUBLICATION, DISTRIBUTION, ETC.
Place of publication, distribution, etc. London
Name of publisher, distributor, etc. Collins Harvill,
Date of publication, distribution, etc. 1990
300 ## - PHYSICAL DESCRIPTION
Dimensions cm
942 ## - ADDED ENTRY ELEMENTS (KOHA)
Source of classification or shelving scheme
Koha item type Book
Holdings
Withdrawn status Lost status Source of classification or shelving scheme Damaged status Not for loan Collection code Home library Current library Shelving location Date acquired Inventory number Total Checkouts Full call number Barcode Date last seen Price effective from Koha item type
          NON-FICTION AKMAL Melaka AKMAL Melaka PINJAMAN 25.05.2017 900261   944.083'6 LAC 201705395 25.05.2017 25.05.2017 Book
Pusat Sumber Maklumat Dato' Haji Sarmin Md Hussin, Akademi Kastam Diraja Malaysia, Melaka
Tel: 06-2331106 | Faks: 06-2313787